Lo Strano Percorso - Max Pezzali - Testo Completo - Statistics

Statistiche generali
  • Questo quiz è stato fatto 37 volte
  • Il punteggio medio è 219 su 287
Statistiche sulle risposte
Risposta % Corretto
di
100%
Di
100%
è
100%
e
100%
I
100%
i
100%
per
100%
Per
100%
po'
100%
un
100%
B
95%
Lo
95%
ne
95%
no
95%
percorso
95%
strano
95%
C'è
90%
c'è
90%
che
90%
Che
90%
in
90%
90%
mai
90%
Nel
90%
noi
90%
ognuno
90%
amore,
85%
banchi
85%
della
85%
grande
85%
Non
85%
non
85%
può
85%
quanto
85%
te
85%
tra
85%
una
85%
baci
80%
Come
80%
com'è
80%
come
80%
complicato
80%
da
80%
desiderati
80%
gli
80%
il
80%
libro,
80%
neanche
80%
prima
80%
sperati,
80%
tempo
80%
tutto
80%
ad
75%
così
75%
film
75%
imprevedibile
75%
lettere,
75%
sempre
75%
sul
75%
troppo
75%
va
75%
cambiare,
70%
con
70%
Con
70%
descrivere
70%
domande
70%
Fin
70%
grandi,
70%
Occhiali
70%
potrebbero
70%
primi
70%
prof
70%
qui
70%
resta
70%
riflettere
70%
secondo
70%
stessi,
70%
sulle
70%
dei
65%
guardandola
65%
insicuri
65%
Nell'ora
65%
niente
65%
piacere
65%
sospiri,
65%
spessi
65%
tesi
65%
tranello
65%
via
65%
alle
60%
assenso,
60%
cascarci,
60%
chi
60%
ha
60%
lenti
60%
nelle
60%
silenzio
60%
alla
55%
all'eternità
55%
coi
55%
Convinti
55%
cuore,
55%
denso
55%
durerà
55%
fai
55%
favole
55%
già
55%
inutile
55%
l'imbarazzo
55%
movimenti,
55%
nuvole
55%
più
55%
Sarà
55%
solo
55%
sopra
55%
tanto
55%
battere
50%
Col
50%
Finché
50%
gesti
50%
quell'istante
50%
sembra
50%
sincronismo
50%
solido
50%
verrà
50%
vivere
50%
conosciuti
45%
ieri
45%
oggi
45%
teoria
45%
tutti
45%
TV
45%
c'era
40%
dette,
40%
fine
40%
Frasi
40%
l'abitudine
40%
mille
40%
ormai
40%
puntate
40%
riascoltate
40%
soap-opera
40%
argomenti
35%
distante,
35%
Invece
35%
lontano
35%
perso
35%
qualcosa
35%
ritornato
35%
Sembrava
35%
sorriso
35%
viso,
35%
cercare
30%
Nessun quiz corrispondente trovato
Distribuzione punteggi
Percentuale di utenti per punteggio
Percentile per numero di risposta
I tuoi punteggi nel tempo
Non hai fatto questo quiz